000 00528nam a2200193Ia 4500
005 20250923144845.0
008 008 250917s9999 xx 000 0 eng d
037 _aReports
040 _aDSWL
_beng
_cDSWL
041 _aeng
_2eng
084 _aY:4:61.3'N60t, N62
_qDSWL
245 0 _aRoyal commission on the police 1962, final report
260 _aLondon
_bHMSO
_c1962
300 _a196p.
365 _aINR
_b12.6
925 _g12.6
942 _cREP
_hY:4:61.3'N60t, N62
999 _c1444235
_d1444235